Bir Türkistanlının İkinci Dünya Savaşı hatıraları (Record no. 11123)

000 -LEADER
fixed length control field 01045nmm a2200277 a 4500
001 - CONTROL NUMBER
control field ocm0001083757
003 - CONTROL NUMBER IDENTIFIER
control field TR-IsHL
005 - DATE AND TIME OF LATEST TRANSACTION
control field 20201028151649.0
008 - FIXED-LENGTH DATA ELEMENTS--GENERAL INFORMATION
fixed length control field 150709s1999 tu tur
007 - PHYSICAL DESCRIPTION FIXED FIELD--GENERAL INFORMATION
fixed length control field cr cn
035 ## - SYSTEM CONTROL NUMBER
System control number 1083757
-- (N$T)
050 04 - LIBRARY OF CONGRESS CALL NUMBER
Classification number D811.5
Item number .I47 1999
090 04 - LOCALLY ASSIGNED LC-TYPE CALL NUMBER (OCLC); LOCAL CALL NUMBER (RLIN)
Classification number (OCLC) (R) ; Classification number, CALL (RLIN) (NR) D811.5
Local cutter number (OCLC) ; Book number/undivided call number, CALL (RLIN) .I47 1999
100 1# - MAIN ENTRY--PERSONAL NAME
Personal name İkram Han, Hüseyin
245 10 - TITLE STATEMENT
Title Bir Türkistanlının İkinci Dünya Savaşı hatıraları
Medium [electronic resource] /
Statement of responsibility, etc. Hüseyin İkram Han
260 ## - PUBLICATION, DISTRIBUTION, ETC.
Place of publication, distribution, etc. İstanbul :
Name of publisher, distributor, etc. Bedir Yayınları,
Date of publication, distribution, etc. 1999
300 ## - PHYSICAL DESCRIPTION
Extent 257 p.
650 #4 - SUBJECT ADDED ENTRY--TOPICAL TERM
Topical term or geographic name entry element Tarih
650 #4 - SUBJECT ADDED ENTRY--TOPICAL TERM
Topical term or geographic name entry element History
650 #0 - SUBJECT ADDED ENTRY--TOPICAL TERM
Topical term or geographic name entry element Dünya Savaşı, 1939-1945
General subdivision Savaşlar
-- Doğu Cephesi
650 #0 - SUBJECT ADDED ENTRY--TOPICAL TERM
Topical term or geographic name entry element World War, 1939-1945
General subdivision Campaigns
-- Eastern
650 #0 - SUBJECT ADDED ENTRY--TOPICAL TERM
Topical term or geographic name entry element Dünya Savaşı, 1939-1945
General subdivision Kişisel anlatımlar, Türk halkı
650 #0 - SUBJECT ADDED ENTRY--TOPICAL TERM
Topical term or geographic name entry element World War, 1939-1945
General subdivision Personal narratives, Turkic peoples
650 #7 - SUBJECT ADDED ENTRY--TOPICAL TERM
Topical term or geographic name entry element HISTORY / Middle East / Turkey & Ottoman Empire
Source of heading or term bisacsh
856 40 - ELECTRONIC LOCATION AND ACCESS
Uniform Resource Identifier <a href="http://search.ebscohost.com/login.aspx?direct=true&scope=site&db=e011xww&AN=1083757">http://search.ebscohost.com/login.aspx?direct=true&scope=site&db=e011xww&AN=1083757</a>
Holdings
Withdrawn status Lost status Source of classification or shelving scheme Damaged status Not for loan Collection code Permanent Location Current Location Date acquired Total Checkouts Full call number Barcode Date last seen Price effective from Koha item type
        Online   Kıbrıs Amerikan Üniversitesi Kütüphanesi / American University of Cyprus Kıbrıs Amerikan Üniversitesi Kütüphanesi / American University of Cyprus 28.10.2020   D811.5 .I47 1999 1083757 28.10.2020 28.10.2020 E-Kitap
Devinim Yazılım Eğitim Danışmanlık tarafından Koha'nın orjinal sürümü uyarlanarak geliştirilip kurulmuştur.